| 000 | 01232nam a2200157Ia 4500 | ||
|---|---|---|---|
| 005 | 20250714155850.0 | ||
| 008 | 250714s9999 xx 000 0 und d | ||
| 020 | _a9780748617562 | ||
| 082 |
_a935 _bJOA |
||
| 100 | _aJoannès, Francis | ||
| 245 | 4 | _aThe Age of Empires | |
| 260 |
_bEdinburgh History of the Scott _c2004 |
||
| 500 | _aThis is a concise introduction to the history of the ancient Near East during the last millennium bc: Phoenicia, Palestine, the Neo-Assyrian and Neo-Babylonian empires, the Persian Achaemenid empire, the empire of Alexander, and the vast Persian Seleucid empire founded by Seleucus around 300 bc and defeated by Pompey for Rome in 64 bc. The book focuses on political history, on the sources and shifts of power and the individuals who wielded it. It also introduces the student to the principal aspects of the religious, social and economic history of the region.The narrative is succinct, backed up by summary tables and maps, and enlivened by lengthy quotations from contemporary documents. The latter are frequently used to illustrate specific case studies. The book ends with a chronology and glossary, as well as an adapted further reading list. | ||
| 650 | _aHistory | ||
| 942 | _cENGLISH | ||
| 999 |
_c575746 _d575746 |
||